Music Type Quiz - Statistics

General Stats
  • This quiz has been taken 10 times
  • The average score is 4 of 12
Answer Stats
Hint Answer % Correct
Originated in the African-American communities of New Orleans, Louisiana, in the late 19th and early 20th centuries Jazz
100%
Thick, monumental sound characterized by distorted guitars, extended guitar solos, emphatic beats and loudness Heavy metal
56%
Soothing song or piece of music that is usually played for or sung to children Lullaby
56%
Music produced independently from commercial record labels or their subsidiaries Independent
44%
Employs electronic musical instruments, digital instruments, or circuitry-based music technology in its creation Electronic
33%
Style became known as a hybrid of punk and metal Grunge
33%
It has evolved from dancehall, with elements of hip hop, Latin American, and Caribbean music. Reggaeton
33%
Art music of the Western world Classical
22%
Japanese music genre considered to resemble traditional Japanese music stylistically Enka
0%
Elements usually regarded as imperfections in the context of a recording or performance Lo-fi
0%
Popular music style fusing Mexican and US influences Tejano
0%
Genre of Korean popular music, known for its use of repetitive rhythm and vocal inflections Trot
0%
No matching quizzes found
Score Distribution
Percent of People with Each Score
Percentile by Number Answered
Your Score History
You have not taken this quiz